Business statistics in practice / (Record no. 90762)
[ view plain ]
| 000 -LEADER | |
|---|---|
| fixed length control field | 00832cam a2200253 i 4500 |
| 001 - CONTROL NUMBER | |
| control field | 17524834 |
| 005 - DATE AND TIME OF LATEST TRANSACTION | |
| control field | 20180825185414.0 |
| 008 - FIXED-LENGTH DATA ELEMENTS--GENERAL INFORMATION | |
| fixed length control field | 121109s2014 nyua b 001 0 eng |
| 020 ## - INTERNATIONAL STANDARD BOOK NUMBER | |
| International Standard Book Number | 9781259097393 |
| 020 ## - INTERNATIONAL STANDARD BOOK NUMBER | |
| International Standard Book Number | 0073521493 (alk. paper) |
| 040 ## - CATALOGING SOURCE | |
| Transcribing agency | PK-LaUMT |
| 082 00 - DEWEY DECIMAL CLASSIFICATION NUMBER | |
| Classification number | 519.502465 |
| Edition number | 23 |
| Item number | BOW-B |
| 100 1# - MAIN ENTRY--PERSONAL NAME | |
| Personal name | Bowerman, Bruce L. |
| 245 10 - TITLE STATEMENT | |
| Title | Business statistics in practice / |
| Statement of responsibility, etc | Bruce L. Bowerman, Richard T. O'Connell, and Emily S. Murphree |
| 250 ## - EDITION STATEMENT | |
| Edition statement | 7th ed. |
| 260 ## - PUBLICATION, DISTRIBUTION, ETC. (IMPRINT) | |
| Place of publication, distribution, etc | New Delhi : |
| Name of publisher, distributor, etc | McGraw Hill Education (India) PVT. Ltd., |
| Date of publication, distribution, etc | 2014 |
| 300 ## - PHYSICAL DESCRIPTION | |
| Extent | xxiii, 823 p. |
| Other physical details | illustrations ; |
| Dimensions | 29 cm |
| 490 0# - SERIES STATEMENT | |
| Series statement | The Mcgraw-Hill/Irwin series in operations and decision sciences |
| 650 #0 - SUBJECT ADDED ENTRY--TOPICAL TERM | |
| Topical term or geographic name as entry element | Commercial statistics. |
| 650 #0 - SUBJECT ADDED ENTRY--TOPICAL TERM | |
| Topical term or geographic name as entry element | Statistics. |
| 700 1# - ADDED ENTRY--PERSONAL NAME | |
| Personal name | O'Connell, Richard T. |
| 700 1# - ADDED ENTRY--PERSONAL NAME | |
| Personal name | Murphree, Emily. |
| 942 ## - ADDED ENTRY ELEMENTS (KOHA) | |
| Koha item type | Books |
| Withdrawn status | Lost status | Damaged status | Home library | Current library | Date acquired | Full call number | Barcode | Date last seen | Price effective from | Koha item type | Copy number |
|---|---|---|---|---|---|---|---|---|---|---|---|
| UMT Main Campus | UMT Main Campus | 2017-02-03 | 519.502465 BOW-B | 104460 | 2017-02-03 | 2017-02-03 | Books | ||||
| UMT Main Campus | UMT Main Campus | 2017-02-03 | 519.502465 BOW-B | 104461 | 2024-03-13 | 2017-02-03 | Text Book | C. 2 | |||
| UMT Main Campus | UMT Main Campus | 2017-02-03 | 519.502465 BOW-B | 104462 | 2021-07-09 | 2017-02-03 | Text Book | C. 3 |
